00433nam a2200145Ia 45000010005000000080041000050200022000460820028000681000075000962450050001712600017002215900007002389010027002459990015002721544241024s9999 xx 000 0 und d a978-92-3-304192-9 aRD/370.97293/P969p/2010 aProyecto Regional de Indicadores Educativos Cumbres de las Américas. 0aPanorma Educativo 2010: desafíos pendientes bUNESCOc2011 asi a21/6/2011 2:15:11 p.m. c9127d9127